| 000 | 00593nam a2200253Ia 4500 | ||
|---|---|---|---|
| 008 | 181129s9999 xx 000 0 und d | ||
| 020 | _a9780439922302 | ||
| 050 | _bF911 2009 | ||
| 100 | _aFriedman, Aimee | ||
| 245 | 0 | _aSea change / | |
| 245 | 0 | _cby Aimee Friedman. | |
| 260 | _aNew York, NY : | ||
| 260 | _bScholastic, | ||
| 260 | _c2009 | ||
| 300 | _a290 pages : | ||
| 300 | _billustrations ; | ||
| 300 | _c19cm. | ||
| 650 | _aFamily secrets. | ||
| 650 | _aIslands, | ||
| 650 | _aMermen. | ||
| 650 | _aSocial classes. | ||
| 650 | _aSouthern States. | ||
| 700 | _aTitle. | ||
| 999 |
_c360265 _d360265 |
||